Rozpoznaj miasto w Polsce po jego herbie - Statystyki

Ogólne statystyki
  • Ten quiz został rozwiązany 199 razy
  • Średni wynik to 10 z 20
Statystyki odpowiedzi
Obrazkowy Odpowiedź % Poprawnych
Łódź
98%
Warszawa
98%
Katowice
72%
Kraków
67%
Wrocław
64%
Gdańsk
59%
Poznań
56%
Toruń
56%
Szczecin
53%
Lublin
50%
Rzeszów
48%
Białystok
45%
Kielce
42%
Opole
39%
Bydgoszcz
37%
Jelenia Góra
35%
Olsztyn
28%
Gorzów Wielkopolski
24%
Częstochowa
13%
Elbląg
13%
Nie znaleziono quizów pasujących do podanych kryteriów
Rozkład punktacji
Procent ludzi z każdym wynikiem
Percentyl według liczby udzielonych odpowiedzi
Twoja historia wyników
Nie rozwiązałeś tego quizu